Carregant...

An introduction to swaminarayan hinduism

Dades bibliogràfiques
Autor principal: Raymond Brady Williams
Format: Printed Book
Publicat: Cambridge Cambridge University Press 2001
Matèries:
LEADER 00652nam a22001931a 4500
020 |a 9780521654227  |c 0.00 
040 |a SSUS - Library - Kalady 
082 |a 294.556  |b RAY/I 
100 |a Raymond Brady Williams  
245 |a An introduction to swaminarayan hinduism  |h [Text] 
260 |a Cambridge  |b Cambridge University Press  |c 2001 
300 |a 253p. 
600 |a Hinduism 
600 |a Reformed Hinduism 
600 |a Religion 
852 |h 294.556  |i RAY/I  |p 034973  |9 595.00  |t 0 
942 |c BK 
999 |c 20801  |d 20801 
952 |0 0  |1 0  |4 0  |6 294_556000000000000_RAY_I  |7 0  |9 29209  |a SSUS  |b SSUS  |d 2015-01-08  |g 595.00  |o 294.556 RAY/I  |p 034973  |r 2015-01-08  |v 0.00  |w 2015-01-08  |y BK